Low intensity operations: (Record no. 591241)
[ view plain ]
| 000 -LEADER | |
|---|---|
| fixed length control field | 00555nam a22001577a 4500 |
| 003 - CONTROL NUMBER IDENTIFIER | |
| control field | NUST |
| 008 - FIXED-LENGTH DATA ELEMENTS--GENERAL INFORMATION | |
| fixed length control field | 220819b ||||| |||| 00| 0 eng d |
| 020 ## - INTERNATIONAL STANDARD BOOK NUMBER | |
| International Standard Book Number | 0571098010 |
| 082 ## - DEWEY DECIMAL CLASSIFICATION NUMBER | |
| Classification number | 355.4, KIT |
| 100 ## - MAIN ENTRY--PERSONAL NAME | |
| Personal name | Frank Kitson |
| 9 (RLIN) | 98246 |
| 245 ## - TITLE STATEMENT | |
| Title | Low intensity operations: |
| Remainder of title | Subversion insurgency & peacekeeping/ |
| Statement of responsibility, etc. | Frank Kitson |
| 260 ## - PUBLICATION, DISTRIBUTION, ETC. | |
| Place of publication, distribution, etc. | Pakistan |
| Name of publisher, distributor, etc. | SVC Book Club |
| Date of publication, distribution, etc. | 1971 |
| 300 ## - PHYSICAL DESCRIPTION | |
| Extent | xi, 208:pages |
| 505 ## - FORMATTED CONTENTS NOTE | |
| Formatted contents note | Part 1: Trends and background (Page-11), Part 2: The army's contribution (Page-65), Part 3: Preparation required (Page-163). |
| 942 ## - ADDED ENTRY ELEMENTS (KOHA) | |
| Source of classification or shelving scheme | |
| Koha item type | Book |
| Withdrawn status | Lost status | Source of classification or shelving scheme | Damaged status | Not for loan | Permanent Location | Current Location | Shelving location | Date acquired | Full call number | Barcode | Date last seen | Price effective from | Koha item type | Public note |
|---|---|---|---|---|---|---|---|---|---|---|---|---|---|---|
| Military College of Signals (MCS) | Military College of Signals (MCS) | General Stacks | 08/19/2022 | 355.4, KIT | MCS38581 | 08/19/2022 | 08/19/2022 | Book | Almirah Fresh No.44, Shelf No.4 |
